000 00725nam a2200229Ia 4500
005 20241129111034.0
008 241129s9999||||xx |||||||||||||| ||und||
020 _a978-0-367-82004-6
037 _aTB
040 _aCRL
_beng
_cCRL
041 _aeng
_2eng
084 _aO142,3M09:g 111R2
_qCRL
100 _aPodoroga Valery Au.; Pavlov Evgeni V. Tr.
_9723233
245 0 _aMimesis: the analytic anthropology of literature
_cPodoroga Valery Au.; Pavlov Evgeni V. Tr.
260 _aLondon, UK
_bVerso
_c2022
300 _axiv,305p.
365 _aUKP
_b25
546 _aTranslated from Russian to English
650 _aRussian Literature
942 _cTB
_hO142,3M09:g 111R2
999 _c1228651
_d1228651